| 000 | 00695nam a22002175i 4500 | ||
|---|---|---|---|
| 001 | 173094 | ||
| 003 | ES-MaACL | ||
| 005 | 20230906215131.0 | ||
| 008 | 091030s1968 sp |||| | spa d | ||
| 080 | _a84-221"19" | ||
| 100 | 1 |
_aVian, Boris. _9114276 |
|
| 245 | 1 | 4 |
_aLos forjadores de imperio / _cBoris Vian ; versión Carlos Rodríguez Sanz. |
| 260 |
_aMadrid : _bCuadernos para el Diálogo, _c1968. |
||
| 300 |
_a74 p. ; _c18 cm. |
||
| 490 | 1 |
_aCuadernos para el diálogo ; _v7 |
|
| 700 | 1 |
_aRodríguez Sanz, Carlos. _998812 |
|
| 710 | 2 |
_aCuadernos para el Diálogo. _93333 |
|
| 830 | 1 |
_aCuadernos para el diálogo ; _v7 _9181812 |
|
| 852 |
_aES-MaACL _jC-35392 |
||
| 999 |
_c173094 _d173094 |
||